Interpersonal, Communication, Problem Solving and Decision Making Skills for CSAT Paper II / (Record no. 77066)

MARC details
000 -LEADER
fixed length control field 00743nam a22002057a 4500
005 - DATE AND TIME OF LATEST TRANSACTION
control field 20130628151927.0
010 ## - LCCN (DPL NO)
LC control number B-508952-953
020 ## - INTERNATIONAL STANDARD BOOK NUMBER
International Standard Book Number 9788131768853
Terms of availability 299.00
035 ## - SYSTEM CONTROL NUMBER
System control number B-508952-953
037 ## - SOURCE OF ACQUISITION
Stock number dpl
Source of stock number/acquisition KBD/Ven
082 ## - DEWEY DECIMAL CLASSIFICATION NUMBER
Classification number 658.4
100 ## - MAIN ENTRY--PERSONAL NAME
Personal name Verma Shalini
245 ## - TITLE STATEMENT
Title Interpersonal, Communication, Problem Solving and Decision Making Skills for CSAT Paper II /
Statement of responsibility, etc by Shalini Verma
260 ## - PUBLICATION, DISTRIBUTION, ETC. (IMPRINT)
Place of publication, distribution, etc New Delhi
Name of publisher, distributor, etc Pearson
Date of publication, distribution, etc 2012
270 ## - ADDRESS
Address 11 Community Centre, Panchsheel Park
City New Delhi
Postal code 110017
300 ## - PHYSICAL DESCRIPTION
Extent 470p.
Other physical details ill.
Dimensions 23cm(pbk)
500 ## - GENERAL NOTE
General note Performance Booster Workbook
942 ## - ADDED ENTRY ELEMENTS (KOHA)
Source of classification or shelving scheme Dewey Decimal Classification
Item type English Books
Classification part 658.4
Call number suffix VER
Holdings
Withdrawn status Lost status Not for loan Collection code Home library Current library Date acquired Source of acquisition Cost, normal purchase price Full call number Barcode Copy number Cost, replacement price Koha item type
      Non-fiction Sarojini Nagar Sarojini Nagar 28/06/2013 KBD/BL20/19.03.2013/171/08.01.2013/22.3.2013 299.00 658.4 VER B-508952 1 299.00 English Books
    Not For Loan Non-fiction South Zone Lib (REF) South Zone Lib (REF) 28/06/2013 KBD/BL20/19.03.2013/171/08.01.2013/22.3.2013 299.00 658.4 VER B-508953 1 299.00 English Books

© Delhi Public Library
Hit Counter
free hit counter